000 00585nam a2200193Ia 4500
003 GCL
008 140319s9999 xx 000 0 ara d
040 _aGCL /
_cGCL
082 0 4 _a415.1
_bا ش
100 1 _aاحمد الحملاوى
245 1 0 _aشذا العرف فى فن الصرف /
_cاحمد الحملاوى
260 _aالقاهرة :
_bدار اليقين للنشر والتوزيع ،
_c1993
300 _a257 ص ؛
_c16 سم
490 _a
650 0 4 _aالنحو
650 0 4 _aاللغة العربية
650 0 4 _aقواعد النحو
942 _2ddc
_cBK
999 _c30780
_d30780